000 00424cam a2200181ua 4500
020 _c16.80
041 _aeng
_h
082 _a824
_bSOM/TR
100 _aSpmerset, W .
245 _aTravel books /
_cW Somerset.
_hTextual Documents
250 _a1 /
_b.
260 _aMelbourne :
_bWilliam Heinemann Ltd ,
_c1955.
300 _a146 ; .
365 _a16.80
504 _a
942 _cBK
999 _c11818
_d11818